Review report on sixth plan 1980-85 (Record no. 13917)

MARC details
000 -LEADER
fixed length control field 00373nam a2200157Ia 4500
003 - CONTROL NUMBER IDENTIFIER
control field OSt
082 ## - DEWEY DECIMAL CLASSIFICATION NUMBER
Classification number IR KAU/PLAN
Item number VI
100 ## - MAIN ENTRY--PERSONAL NAME
Personal name KAU
245 ## - TITLE STATEMENT
Title Review report on sixth plan 1980-85
260 ## - PUBLICATION, DISTRIBUTION, ETC. (IMPRINT)
Place of publication, distribution, etc Vellanikkara
Name of publisher, distributor, etc Kerala Agricultural University
300 ## - PHYSICAL DESCRIPTION
Extent 51p.
546 ## - LANGUAGE
Language note English
650 ## - SUBJECT ADDED ENTRY--TOPICAL TERM
Topical term or geographic name as entry element KAU
650 ## - SUBJECT ADDED ENTRY--TOPICAL TERM
Topical term or geographic name as entry element Kerala Agricultural University
942 ## - ADDED ENTRY ELEMENTS (KOHA)
Source of classification or shelving scheme Dewey Decimal Classification
Koha item type Report
Holdings
Lost status Source of classification or shelving scheme Damaged status Not for loan Collection code Home library Current library Shelving location Date acquired Total Checkouts Full call number Barcode Date last seen Koha item type
  Dewey Decimal Classification   Not For Loan KAU Publication KAU Central Library, Thrissur KAU Central Library, Thrissur IR 18/03/2014   IR KAU/PLAN VI 800763 18/03/2014 KAU Publications
Kerala Agricultural University Central Library
Thrissur-(Dt.), Kerala Pin:- 680656, India
Ph : (+91)(487) 2372219
E-mail: librarian@kau.in
Website: http://library.kau.in/